000 00866cam a2200229 i 4500
003 SA-RiAUC
005 20241002145948.0
008 240928s1997 ts g 000u0 ara c
040 _aJO-MaAABU
_bara
_cSA-RiAUC
_erda
082 0 4 _a257.4
090 _a257.4
_bن ا ش
100 1 _aناشد، محمد محمد
_eمؤلف.
245 1 2 _aالفكر الإداري في الإسلام /
_cمحمد محمد ناشد.
264 1 _aدبي، الإمارات العربية المتحدة :
_bمركز جمعة الماجد للثقافة والتراث،
_c1997
300 _a544 صفحة
336 _aنص
_btxt
_2rdacontent
_3كتاب
337 _aبدون وسيط
_bn
_2rdamedia
338 _aمجلد
_bnc
_2rdacarrier
650 7 _aالنظام الإداري في الإسلام
_2aucsh
942 _2ddc
_cBOOK
_n0
949 _aSA-JeALM
_d240928
_umohamedma123
_n1
999 _c817
_d817